SUNQパス運営委員会参加事業者 - Statistics

General Stats
  • This quiz has been taken 60 times
  • The average score is 25 of 43
Answer Stats
Answer % Correct
西日本鉄道
96%
宮崎交通
90%
西鉄バス北九州
84%
鹿児島交通
84%
西鉄バス久留米
80%
熊本バス
78%
大分交通
78%
大分バス
76%
西鉄バス佐賀
75%
西鉄バス大牟田
75%
西鉄バス筑豊
75%
九州産交バス
73%
鹿児島市交通局
73%
昭和自動車
71%
長崎自動車
71%
亀の井バス
71%
熊本電気鉄道
69%
JR九州バス
69%
祐徳自動車
67%
南国交通
67%
佐賀市交通局
65%
島原鉄道
65%
熊本都市バス
65%
北九州市交通局
63%
長崎県交通局
63%
西肥自動車
63%
サンデン交通
63%
日田バス
61%
産交バス
57%
西鉄バス二日市
53%
西鉄バス宗像
47%
さいかい交通
47%
大交北部バス
43%
堀川バス
39%
させぼバス
33%
ブルーライン交通
31%
九州急行バス
29%
臼津交通
29%
大野竹田バス
27%
長崎県央バス
24%
国東観光バス
24%
玖珠観光バス
16%
鹿児島交通観光
16%
No matching quizzes found
Score Distribution
Percent of People with Each Score
Percentile by Number Answered
Your Score History
You have not taken this quiz